000 01086nam a2200229Ia 4500
003 Ost
005 20260507075348.0
008 260507s9999||||xx |||||||||||||| ||und||
020 _a92333899759
040 _cfsecg
041 _aara
082 _a330
100 _aزغدار، أحمد
_eمؤلف
245 0 _aالمنافسة، التنافسية والبدائل الإستراتجية /
_c أحمد زغدار
260 _aالجزائر:
_bدار جرير للنشر والتوزيع,
_c2011
300 _a167 صفحة؛
_bإيضاحات ؛
_c24 سم
520 _aالمنافسة والقدرة التنافسية- التحولات الإقتصادية الدولية وآثارها على المنافسة- إستراتيجية المؤسسة في المواجهة المنافسة- التحالفات الإستراتيجية كشكل من أشكال مواجهة المؤسسة للمنافسة المفروضة عليها
653 _aالإحتكار
653 _aالإستراتيجية التنافسية
653 _aالمنافسة
942 _cكتاب
999 _c44121
_d44121